| 000 | 00522cam a2200181 a 4500 | ||
|---|---|---|---|
| 001 | 000003082 | ||
| 005 | 20200929150325.0 | ||
| 008 | 840830s1963 mx 001 f spa | ||
| 040 |
_aDO-SdBNP _bspa _cBNPHU |
||
| 082 |
_aM863.44 _bT617h, 1963 |
||
| 245 | 0 | 4 |
_aLos Titanes del humorismo : _bnovelas para alegrar el espíritu /. |
| 250 | _a4a ed. | ||
| 260 |
_aMéxico : _bDiana, _c1963. |
||
| 300 |
_a349 p. ; _c20 cm. |
||
| 650 | 4 |
_aHumorismo _97166 |
|
| 650 | 4 |
_aNovela mexicana _93959 |
|
| 650 | 4 |
_aNovela _xColecciones _99727 |
|
| 999 |
_c2913 _d2913 |
||